Mostra de joves artistes becats el 2019 : 28 d'octubre de 2021 28 d'octubre de 2021
Descripción Física:
1 tríptic ; il. col. ; 15 x 21 cm
Materias:
Palau Güell (Barcelona) -- Activitats culturals
; Artistes -- Beques -- Barcelona (Catalunya : Província)
Idioma:
Catalán
MARC
| LEADER | 00000nam a22000007a 4500 | ||
|---|---|---|---|
| 001 | 27582 | ||
| 003 | Arxiu | ||
| 005 | 20260324181157.0 | ||
| 008 | 230327b spa||||| |||| 00| 0 cat d | ||
| 017 | |a B 17401-2021 | ||
| 040 | |a agdb |b cat | ||
| 110 | 2 | |9 17034 |a Palau Güell (Barcelona) | |
| 245 | |a Mostra de joves artistes becats el 2019 : |b 28 d'octubre de 2021 | ||
| 260 | |a Barcelona : |b Diputació de Barcelona. Palau Güell ; |c 2021 | ||
| 300 | |a 1 tríptic ; |b il. col. ; |c 15 x 21 cm | ||
| 610 | 2 | 0 | |9 52964 |a Palau Güell (Barcelona) |x Activitats culturals |
| 650 | 0 | |9 53071 |a Artistes |x Beques |z Barcelona (Catalunya : Província) | |
| 710 | 2 | |9 56050 |a Fundació Güell | |
| 942 | |2 udc |c ARXIU |n 1 | ||
| 952 | |0 0 |1 0 |2 udc |4 0 |6 FU74191 |7 1 |9 65799 |a Arxiu |b Arxiu |d 2023-03-27 |l 0 |o FU-74-191 |p 27582 |r 2023-03-27 00:00:00 |w 2023-03-27 |y ARXIU | ||
| 999 | |c 83244 |d 83244 | ||